000 00244nam a2200109Ia 4500
008 220216s9999 xx 000 0 und d
100 _aHowe Bill
245 0 _aLatex dip-moulding
260 _bRubber Asia
_c2009
300 _a57-63
942 _cJS
999 _c62011
_d62011